K dalšímu vývoji účetnictví v Evropské unii

Seminár Česko-britskej/írskej asociácie, ktorý sa konal 14. a 15. febr. 1996 bol venovaný koncepcii ďalšieho vývoja účtovníctva v Európskej únii. Harmonizácia účtovníctva v EÚ na základe 4. a 7. direktívy EÚ. Doterajšie funkcie 4. a 7. direktívy EÚ. Základný sporný problém direktív. Spolupráca EÚ s...

Descrizione completa

Salvato in:
Dettagli Bibliografici
Autore principale: Schroll, R.
Natura: Capitolo di libro
Lingua:ceco
Soggetti:
Tags: Aggiungi Tag
Nessun Tag, puoi essere il primo ad aggiungerne!!

MARC

LEADER 00000naa a2200000 4500
001 r021299
005 20230913080505.2
041 0 |a cze 
044 |a CZ 
245 1 0 |a K dalšímu vývoji účetnictví v Evropské unii  |c R. Schroll 
520 |a Seminár Česko-britskej/írskej asociácie, ktorý sa konal 14. a 15. febr. 1996 bol venovaný koncepcii ďalšieho vývoja účtovníctva v Európskej únii. Harmonizácia účtovníctva v EÚ na základe 4. a 7. direktívy EÚ. Doterajšie funkcie 4. a 7. direktívy EÚ. Základný sporný problém direktív. Spolupráca EÚ s Výborom pre medzinárodné účtovné štandardy (IASC). Problém harmonizácie závierok účtovných jednotiek. Prispôsobovanie účtovníctva v ČR direktívam EÚ. 
610 2 0 |a účtovníctvo medzinárodné 
610 2 0 |a koncepcie 
610 2 0 |a Európska únia 
610 2 0 |a IASC 
610 2 0 |a Česko 
610 2 0 |a semináre 
610 2 0 |a 1996 
100 1 |a Schroll, R.